| 000 | 01394nam a2200241Ia 4500 | ||
|---|---|---|---|
| 003 | Ost | ||
| 005 | 20260507075329.0 | ||
| 008 | 260507s9999||||xx |||||||||||||| ||und|| | ||
| 020 | _a9789957477547 | ||
| 040 | _cfsecg | ||
| 041 | _aara | ||
| 082 | _a330 | ||
| 100 |
_aعزام، طارق صالح يوسف _eمؤلف |
||
| 245 | 0 |
_aأثر العيب في المعاملات المالية : _bدراسة مقارنة بين الفقه الاسلامي و القانون المدني / _c طارق صالح يوسف عزام |
|
| 260 |
_aعمان: _bدار النفائس, _c2009 |
||
| 300 |
_a159 صفحة؛ _c24 سم |
||
| 520 | _a1) تعريف خيار العيب و مشروعيته و تبيين حكم العقد مع خيار العيب و شرائط الرد و كيفيته و طرق اثباته ، موانع الرد بالعيب ، انتقال خيار العيب الى الورثة أم لا و مدة هذا الخيار 2) أحكام ظمان العيب : الضمان و مشروعيته و أسبابه و حالاته و شروط العيب ، شروط ثبوت العيب ، تقدير ضمان العيب و أخيرا مسقطات ضمان العيب | ||
| 653 | _aالاقتصاد الاسلامي | ||
| 653 | _aالفقه الاسلامي | ||
| 653 | _aالقانون المدني | ||
| 653 | _aالمعاملات (فقه اسلامي ) | ||
| 942 | _cكتاب | ||
| 999 |
_c43993 _d43993 |
||